Islam and Chirstianity in the Modern World. (Record no. 10555)

MARC details
000 -LEADER
fixed length control field 00687nam a2200241 a 4500
020 ## - INTERNATIONAL STANDARD BOOK NUMBER
ISBN 8185233
082 00 - DEWEY DECIMAL CLASSIFICATION NUMBER
Classification number 297.1226
Author Cutter FAZ
100 ## - MAIN ENTRY--AUTHOR NAME
Author name Fazlur Rahman, Muhammad
245 ## - TITLE STATEMENT
Title Islam and Chirstianity in the Modern World.
260 ## - PUBLICATION, DISTRIBUTION, ETC. (IMPRINT)
Place of publication Delhi
Name of publisher Noor Publishing House
Year of publication 1992
300 ## - PHYSICAL DESCRIPTION
Number of Pages 221p
500 ## - GENERAL NOTE
General note includes index and biblioraphy
505 2# - FORMATTED CONTENTS NOTE
Formatted contents note Quranic view of Christianity in the light of modern research
650 ## - SUBJECT ADDED ENTRY--TOPICAL TERM
Topical Term Quran and Christianity
942 ## - ADDED ENTRY ELEMENTS (KOHA)
Koha item type Books
700 1# -
-- Fazlur Rahman, Muhammad
Holdings
Collection code Home library Current library Date acquired Cost, normal purchase price Full call number Accession Number Koha item type
  Henry Martyn Institute Library Henry Martyn Institute Library 04/09/2008 100.00 297.1226 FAZ 015685 Books
                   Copyright © 2026 | Henry Martyn Institute | Hyderabad | TS-500052 | INDIA | Implemented by hmi.edu.in
Hit-Count:

Powered by Koha